| 000 | 01024nam a2200349 i 4500 | ||
|---|---|---|---|
| 001 | 200461756 | ||
| 003 | TR-AnTOB | ||
| 005 | 20240711132238.0 | ||
| 007 | ta | ||
| 008 | 240711t20062001tu 000 0 tur d | ||
| 020 |
_a9758052950 _q(paperback) |
||
| 020 |
_a9789758052950 _q(paperback) |
||
| 035 | _a(TR-AnTOB)200461756 | ||
| 040 |
_aTR-AnTOB _beng _erda _cTR-AnTOB |
||
| 041 | 0 | _atur | |
| 050 | 4 |
_aKKX702 _b.O393 2006 |
|
| 090 |
_aKKX702 _b.O393 2006 |
||
| 100 | 1 |
_aOdyakmaz, A. Nevzad _eauthor _9146331 |
|
| 245 | 1 | 0 |
_aApartman yöneticilerinin el kitabı / _cA. Nevzad Odyakmaz. |
| 250 | _a5. baskı. | ||
| 264 | 1 |
_aİstanbul : _bAlfa, _c2006. |
|
| 264 | 4 | _c©2001 | |
| 300 |
_a366 pages ; _c20 cm |
||
| 336 |
_atext _btxt _2rdacontent |
||
| 337 |
_aunmediated _bn _2rdamedia |
||
| 338 |
_avolume _bnc _2rdacarrier |
||
| 490 | 0 |
_aAlfa Yayınları ; _v27. |
|
| 490 | 0 |
_aHukuk ; _v7 |
|
| 650 | 7 |
_aKat mülkiyeti _xHukuk ve mevzuat _zTürkiye _2etuturkob _9119901 |
|
| 942 |
_2lcc _cBK |
||
| 999 |
_c200461756 _d79968 |
||